00470 2200193 4500001002100000005001500021008004100036020001800077035001900095041000700114082001100121090001700132100002500149245001700174260003300191300003100224500000600255650001500261INLIS00000000000688420241224113353241224||||||||| | ||| |||| || |  a979-489-965-8 0010-1224006884 aid0 a639.31 a639.31 SUN g0 aUen Priyatna Sunarya00aGurami Soang adepokbPenebar Swadayac2006 aiv, 132 hlm.; ilus.: 23 cm a2 0aAgribisnis